Sports Quiz

Random Sports or NFL Quiz
Score 0/100 Timer 08:00
1 Play Today
Rank Player % Correct
1Peyton Manning
98.8%
3Tom Brady
98.1%
2Calvin Johnson
96.8%
6Drew Brees
96.2%
4Adrian Peterson
95.8%
21Andre Johnson
95.3%
11Aaron Rodgers
94.9%
22Patrick Peterson
94.5%
64Derrick Johnson
94.3%
7Richard Sherman
92.5%
12J.J. Watt
91.8%
14Marshawn Lynch
91.1%
5LeSean McCoy
90.7%
9A.J. Green
90.3%
20Russell Wilson
90.2%
24Cam Newton
89.1%
28Gerald McCoy
89.1%
10Jimmy Graham
88.9%
8Jamaal Charles
88.3%
30Andrew Luck
88.3%
34Philip Rivers
87.1%
17Earl Thomas
86.5%
18Joe Thomas
86.2%
49Demaryius Thomas
86%
25Dez Bryant
85.9%
23Antonio Brown
85.2%
86Duane Brown
83.9%
41Rob Gronkowski
83.5%
31Ben Roethlisberger
82.4%
71Tony Romo
82%
38Larry Fitzgerald
81.9%
58Joe Flacco
80.5%
36Brandon Marshall
79.5%
63DeSean Jackson
79.2%
Rank Player % Correct
44Vincent Jackson
79.1%
33Aldon Smith
78.8%
69Justin Smith
78.5%
78Tyron Smith
78.4%
100Matthew Stafford
77.7%
40Ndamukong Suh
76.5%
16Josh Gordon
76.5%
46Frank Gore
76.1%
67Jason Peters
73.8%
51Vernon Davis
73.7%
81Colin Kaepernick
73.3%
70Nick Foles
73.2%
29Mario Williams
71.6%
32Kyle Williams
71.2%
60Trent Williams
71.1%
26Terrell Suggs
69.4%
15Luke Kuechly
69.4%
83Jordy Nelson
69%
98Jason Witten
68.1%
91Matt Forte
67.4%
37Darrelle Revis
67.1%
27Patrick Willis
66.7%
87DeMarco Murray
65.7%
54Alshon Jeffery
65.2%
90Eddie Lacy
63.9%
77Clay Matthews
60.7%
73Wes Welker
60.4%
39Joe Haden
59.8%
76Von Miller
58.6%
85Reggie Bush
58.1%
47NaVorro Bowman
56.7%
80Pierre Garcon
56%
65Kam Chancellor
55.1%
50Eric Berry
54.3%
Rank Player % Correct
61Troy Polamalu
54%
45Haloti Ngata
53.1%
13Robert Quinn
50.1%
19Robert Mathis
48.9%
88Evan Mathis
48.5%
79Aqib Talib
47.7%
56DeMarcus Ware
43.9%
42Muhammad Wilkerson
43.1%
66Cameron Wake
42.9%
68Jared Allen
42.3%
43Tamba Hali
42%
57Justin Houston
40.4%
48Geno Atkins
39.2%
92Eric Weddle
37.4%
52Vontaze Burfict
36.4%
53Greg Hardy
35.6%
89Charles Clay
34.2%
35Lavonte David
34.2%
94Sheldon Richardson
31.4%
75Joe Staley
30.6%
82T.J. Ward
29.6%
99Cameron Jordan
28.7%
62Marcell Dareus
28.1%
55Marshal Yanda
27.3%
72Antrel Rolle
27.1%
95Brent Grimes
25.6%
93Ryan Kalil
24.5%
74Tim Jennings
24.4%
84Kiko Alonso
22.9%
59DeAndre Levy
20.5%
96Daryl Washington
15.5%
97Louis Vasquez
11.3%

You're not logged in!

Compare scores with friends on all Sporcle quizzes.
OR
Log In

Sporcle TV

Today on Sporcle TV


Watch our educational content, quiz creation guides, and fun videos on Sporcle TV.

Show Comments

Extras

Top Quizzes Today


Score Distribution

Paid Content

Your Account Isn't Verified!

In order to create a playlist on Sporcle, you need to verify the email address you used during registration. Go to your Sporcle Settings to finish the process.

Report this User

Report this user for behavior that violates our Community Guidelines.

Details: